LEADER 01440nam a2200313 a 4500 001 000000126226 003 CaOOAMICUS 005 20110908105500.0 008 110908s2011 enk u000 u eng r 020 $a978-0-415-60219-8 040 $aPUL$bita 082 04$a338.9 100 1 $aRamirez Faria, Carlos.$0(OLS)http://pul/name/80279 245 14$aThe origins of economic inequality between nations :b a critique of western theories on development and underdevelopment /$cCarlos Ramirez-Faria. 250 $a3rd ed. 260 $aLondon ;$aNew York :$bRoutledge,$c©2011. 300 $axiv, 318 p. ;$c24 cm 504 $aComprende riferimenti bibliografici ed indice. 650 4$aSviluppo economico.$0(OLS)http://pul/subject/9440 650 4$aMarxismo.$0(OLS)http://pul/subject/4889 650 4$aImperialismo.$0(OLS)http://pul/subject/9186 850 $aPUL 852 $aPUL$W1$xSL Diritto e Scienze Sociali 3$y79$m338. 9 RAMFA 1$j145587$qDDC 21$B144452$CPULBib$Z2$F144452 $H117727 $82 941 1 $a9 996 $6020$a978-0-415-60219-8$9(OLS)http://pul/number/147904 996 $6082$a338.9$9(OLS)http://pul/classification/697 996 $6245$aThe origins of economic inequality between nations :b a critique of western theories on development and underdevelopment$9(OLS)http://pul/title/159393 996 $6260$aLondon ;$aNew York :$bRoutledge$9(OLS)http://pul/publisher/52469 LEADER 01893nam a2200385 u 4500 001 000000066900 003 CaOOAMICUS 005 20070226121628.0 008 020128s2001 fr u000 u fre u 020 $a2-7116-1488-3 035 $a10918243 040 $aBAV$bita$dEFR 041 1 $afre$alat 100 0 $aNicolas de Autricuria,$dc. 1300-c. 1350.$0(OLS)http://pul/name/44734 240 10$aLettere$9(Nicolas de Autricuria, c. 1300-c. 1350).$lFrancese e Latino$1Gruppi, scelte.$0(OLS)http://pul/title/88781 245 10$aCorrespondance :$barticles condamnés /$cNicolas d'Autrecourt ; texte latin établi par L.M. de Rijk ; introduction, traduction et notes par Christophe Grellard. 260 $aParis :$bJ. Vrin,$c2001. 300 $a190 p. ;$c22 cm 490 1 $aSic et non, 500 $aIndex: p. [187]-188. 504 $a"Bibliographie": p. [185]-186. 600 00$aNicolaus de Autricuria,$dca. 1300-ca. 1350$xCorrespondence.$2//eng$0(OLS)http://pul/subject/24290 600 10$aGiles,$cMaster,$d14th century$xCorrespondence.$2//eng$0(OLS)http://pul/subject/24291 600 00$aBernard,$cof Arezzo,$d14th century$xCorrespondence.$2//eng$0(OLS)http://pul/subject/24292 650 0$aPhilosophy, Medieval.$2//eng$0(OLS)http://pul/subject/345 700 1 $aGrellard, Christophe,$d1973-$0(OLS)http://pul/name/44735 700 1 $aRijk, Lambert Marie de,$d1924-$0(OLS)http://pul/name/13042 830 0$aSic et non,$x1248-7279.$0(OLS)http://pul/title/8006 850 $aPUL 852 $aPUL$W1$xSL Filosofia 1$y2$m86 O 9$j86513$nBK-PRI$b $qStampati$B86513$CPULBib$Z2$F86513 $H $81 941 1 $a8 961 $aINV: 89388 996 $6020$a2-7116-1488-3$9(OLS)http://pul/number/86801 996 $6245$aCorrespondance :$barticles condamnés$9(OLS)http://pul/title/88782 996 $6260$aParis :$bJ. Vrin$9(OLS)http://pul/publisher/48393